000 02666cam a2200409 a 4500
001 14676032
005 20170105102920.0
008 061219s2007 nyub 000 0 eng
010 _a 2006102539
015 _aGBA711822
_2bnb
016 7 _a013672202
_2Uk
020 _a9780374106782 (hardcover : alk. paper)
035 _a(OCoLC)ocm77271147
035 _a(OCoLC)77271147
040 _aDLC
_cDLC
_dBAKER
_dBTCTA
_dUKM
_dGK8
_dC#P
_dNSB
_dBUR
_dYDXCP
_dIXA
_dAFQ
_dDLC
043 _aa-pk---
050 0 0 _aU264
_b.L365 2007
082 0 0 _a355.02/17095491
_222
100 1 _aLangewiesche, William.
245 1 4 _aThe atomic bazaar :
_bthe rise of the nuclear poor /
_cWilliam Langewiesche.
250 _a1st ed.
260 _aNew York :
_bFarrar, Straus and Giroux,
_c2007.
300 _a179 p. :
_bmap ;
_c22 cm.
505 0 _aThe vanguard of the poor -- Nukes without nations -- The wrath of Khan -- The point of no return.
520 _aJournalist Langewiesche investigates the burgeoning global threat of nuclear weapons production. This is the story of the inexorable drift of nuclear weapons technology from the hands of the rich into the hands of the poor. As more unstable and undeveloped nations find ways of acquiring the ultimate arms, the stakes of state-sponsored nuclear activity have soared to frightening heights. Even more disturbing is the likelihood of such weapons being manufactured and deployed by guerrilla non-state terrorists. Langewiesche also recounts the recent history of Abdul Qadeer Khan, the scientist at the forefront of nuclear development and trade in the Middle East who masterminded the theft and sale of centrifuge designs that helped to build Pakistan's nuclear arsenal, and who single-handedly peddled nuclear plans to North Korea, Iran, and other potentially hostile countries. He then examines in dramatic and tangible detail the chances for nuclear terrorism.--From publisher description.
650 0 _aNuclear weapons.
650 0 _aNuclear weapons
_zPakistan.
650 0 _aNuclear nonproliferation.
650 0 _aWorld politics
_y21st century.
856 4 1 _3Table of contents only
_uhttp://www.loc.gov/catdir/toc/ecip077/2006102539.html
856 4 2 _3Contributor biographical information
_uhttp://www.loc.gov/catdir/enhancements/fy0621/2006102539-b.html
856 4 2 _3Publisher description
_uhttp://www.loc.gov/catdir/enhancements/fy0621/2006102539-d.html
856 4 1 _3Sample text
_uhttp://www.loc.gov/catdir/enhancements/fy0733/2006102539-s.html
906 _a7
_bcbc
_corignew
_d1
_eecip
_f20
_gy-gencatlg
942 _2ddc
_cBK
999 _c15523
_d15523